SECURITIES MARKETS AND PRODUCTS (Record no. 18152)

MARC details
000 -LEADER
fixed length control field 00337nam a2200133Ia 4500
008 - FIXED-LENGTH DATA ELEMENTS--GENERAL INFORMATION
fixed length control field 240624s9999 xx 000 0 und d
041 ## - LANGUAGE CODE
Language code of text/sound track or separate title eng
082 ## - DEWEY DECIMAL CLASSIFICATION NUMBER
Classification number 332.632 IIB
100 ## - MAIN ENTRY--PERSONAL NAME
Personal name IIBF
245 ## - TITLE STATEMENT
Title SECURITIES MARKETS AND PRODUCTS
260 ## - PUBLICATION, DISTRIBUTION, ETC.
Date of publication, distribution, etc. 2011
Place of publication, distribution, etc. New Delhi
Name of publisher, distributor, etc. Taxmann Publications Pvt. Ltd.
300 ## - PHYSICAL DESCRIPTION
Extent 584 : p.
365 ## - TRADE PRICE
Currency code RS
Price amount 29
Holdings
Withdrawn status Lost status Damaged status Not for loan Home library Current library Shelving location Date acquired Source of acquisition Cost, normal purchase price Full call number Barcode Date last seen Copy number Price effective from Koha item type
Store Books       IMTN IMTN Rack 11-A 11/02/2011 IBH 495.00 332.632 IIB 18152 06/24/2024 1 06/24/2024 Books
Designed & Maintained by: LRC IMT Nagpur Contact: lrc@imtnag.ac.in© 2024. All Rights Reserved.